| 000 | 00519nam a2200169Ia 4500 | ||
|---|---|---|---|
| 005 | 20250424120249.0 | ||
| 008 | 250424s9999 xx 000 0 und d | ||
| 022 | _a20069022 | ||
| 050 | _aTA 1 .I7485/ | ||
| 245 | 0 | _aInternational journal of engineering & technical mathematics | |
| 260 | _aIkot Ekpene | ||
| 260 | _bDevelopment Universal Consortia | ||
| 260 | _c2010 | ||
| 300 | _av. , 117 p. : ill. ; 25 cm. | ||
| 650 | _aEngineering--Periodicals. Mathematics--Periodicals. Science--Periodicals. | ||
| 942 | _cSR | ||
| 999 |
_c38312 _d38312 |
||